National geographic backyard guide to the night sky (Record no. 18556)

MARC details
000 -LEADER
fixed length control field 00540nam a2200193Ia 4500
003 - CONTROL NUMBER IDENTIFIER
control field IN-BaIIA
008 - FIXED-LENGTH DATA ELEMENTS--GENERAL INFORMATION
fixed length control field 211028s9999 xx 000 0 eng d
020 ## - INTERNATIONAL STANDARD BOOK NUMBER
International Standard Book Number 978-1-426-20281-0
040 ## - CATALOGING SOURCE
Transcribing agency IIA Library
080 ## - UNIVERSAL DECIMAL CLASSIFICATION NUMBER
Universal Decimal Classification number (036)521.1
Item number NAT
100 ## - MAIN ENTRY--PERSONAL NAME
Personal name Schneider, Howard
9 (RLIN) 35618
245 #0 - TITLE STATEMENT
Title National geographic backyard guide to the night sky
Statement of responsibility, etc. Howard Schneider
260 ## - PUBLICATION, DISTRIBUTION, ETC.
Place of publication, distribution, etc. Washington
Name of publisher, distributor, etc. National Geographic Society
Date of publication, distribution, etc. 2009
300 ## - PHYSICAL DESCRIPTION
Extent 287p.
650 ## - SUBJECT ADDED ENTRY--TOPICAL TERM
Topical term or geographic name entry element Atmosphere
9 (RLIN) 458
650 ## - SUBJECT ADDED ENTRY--TOPICAL TERM
Topical term or geographic name entry element Solar System
650 ## - SUBJECT ADDED ENTRY--TOPICAL TERM
Topical term or geographic name entry element Sun
9 (RLIN) 1200
942 ## - ADDED ENTRY ELEMENTS (KOHA)
Koha item type Books
Holdings
Withdrawn status Lost status Damaged status Not for loan Home library Current library Shelving location Date acquired Source of acquisition Cost, normal purchase price Total Checkouts Full call number Barcode Date last seen Date last checked out Cost, replacement price Price effective from Koha item type Purchase Price
        IIA Library-Bangalore IIA Library-Bangalore General Stacks 26/03/2013 ANJ 1270.00 1 (036)521.1/ NAT 19478 28/05/2022 02/02/2022 1270.00 26/03/2013 Books Rs. 1270.00

Powered by Koha